Note sur un silex taillé trouvé dans le diluvium des environs de Madrid / (Record no. 42514)

MARC details
000 -LEADER
campo de control de longitud fija 00964nam a2200205 i 4500
001 - NÚMERO DE CONTROL
campo de control 42514
003 - IDENTIFICADOR DE NÚMERO DE CONTROL
campo de control ES-MaACL
005 - FECHA Y HORA DE LA ÚLTIMA TRANSACCIÓN
campo de control 20250818063038.0
007 - CAMPO FIJO DE DESCRIPCIÓN FÍSICA--INFORMACIÓN GENERAL
campo de control de longitud fija t|
008 - DATOS DE LONGITUD FIJA--INFORMACIÓN GENERAL
campo de control de longitud fija 030403s1863 fr ||||1| fre d
100 1# - ENTRADA PRINCIPAL--NOMBRE DE PERSONA
Nombre de persona Verneuil, Édouard de,
Fechas asociadas al nombre 1805-1873
9 (RLIN) 114176
245 10 - MENCIÓN DEL TÍTULO
Título Note sur un silex taillé trouvé dans le diluvium des environs de Madrid /
Mención de responsabilidad, etc. par MM. Ed. de Verneuil et Louis Lartet.
260 ## - PUBLICACIÓN, DISTRIBUCIÓN, ETC.
Lugar de publicación, distribución, etc. [Paris :
Nombre del editor, distribuidor, etc. s.n.,
Fecha de publicación, distribución, etc. 1863 ?] (
Fabricante Imp. de E. Martinet)
300 ## - DESCRIPCIÓN FÍSICA
Extensión p. 698-702, [1] h. de lám. ;
Dimensiones 21 cm.
500 ## - NOTA GENERAL
Nota general Extrait du Bulletin de la Société Géologique de France, 2e série, t.XX, p. 698, séance du 22 juin 1863.
500 ## - NOTA GENERAL
Nota general Sin port. datos tomados p. 698.
700 1# - ENTRADA AGREGADA--NOMBRE PERSONAL
Nombre de persona Lartet, Louis.
9 (RLIN) 70381
852 ## - LOCALIZACIÓN
Ubicación ES-MaACL
Número de control de estantería B-8308(8)
Nota libre .- Encuadernado en un vol. facticio agrupado con el nombre en el lomo: España, geología, memorias y documentos varios I-X
-- .- Legado Federico de Botella y de Hornos
Holdings
Estatus retirado Estado de pérdida Estado de daño No para préstamo Colección Biblioteca de origen Biblioteca actual Ubicación en estantería Fecha de adquisición Fuente de adquisición Total de préstamos Signatura topográfica completa Código de barras Visto por última vez Precio de reemplazo Tipo de ítem Koha
        Libros del s. XIX Biblioteca del Ateneo de Madrid Biblioteca del Ateneo de Madrid Sala Pardo Bazán 17/01/2008     B-8308(8) 1044755 23/02/2023 23/02/2023 Libro impreso antiguo